|
|
|
|
| LEADER |
00995cam a2200253 7i4500 |
| 001 |
0000069118 |
| 005 |
20090625090000.0 |
| 008 |
081127s2007 my a eng |
| 020 |
# |
0 |
|a 9789832888482
|
| 090 |
0 |
0 |
|a LG 173 .T4
|b E9 2007
|
| 245 |
1 |
0 |
|a Evolusi Universiti Malaysia Terengganu
|c editor Noraien Mansor.
|
| 246 |
0 |
1 |
|a Evolution of Universiti Malaysia Terengganu.
|
| 246 |
0 |
0 |
|a Evolution of Universiti Malaysia Terengganu.
|
| 260 |
# |
# |
|a Kuala Terengganu:
|b UMT Publisher,
|c 2007.
|
| 300 |
# |
# |
|a 156 p.:
|b ill.;
|c 30 cm..
|
| 546 |
0 |
0 |
|a Translation in Malay and English Language
|
| 650 |
0 |
0 |
|a Universiti Malaysia Terengganu --
|x Aims and objectives
|
| 650 |
0 |
0 |
|a Universities and colleges
|
| 650 |
0 |
0 |
|a Education, Highes
|
| 700 |
0 |
1 |
|a Noraien Mansor
|
| 999 |
|
|
|a 1100067312
|b Book
|c Rujukan
|e KOLEKSI RUJUKAN
|
| 999 |
|
|
|a 1100067313
|b Book
|c Rujukan
|e KOLEKSI RUJUKAN
|
| 999 |
|
|
|a 1100064428
|b Book
|c Koleksi Arkib
|e BILIK ARKIB
|
| 999 |
|
|
|a 1100086383
|b Book
|c Post Graduate
|e POST GRADUATE LOUNGE
|